| 000 | 00358cam a2200145ua 4500 | ||
|---|---|---|---|
| 041 |
_aeng _h |
||
| 082 |
_a954 _bLAH/DR |
||
| 100 | _aLahovary, N . | ||
| 245 |
_aDravidians Origins and the west / _cN.Lahovary. _hTextual Documents |
||
| 260 |
_aBombay : _bOrient-Longman Ltd , _c1963. |
||
| 300 | _a419 ; . | ||
| 504 | _a | ||
| 942 | _cBK | ||
| 999 |
_c695 _d695 |
||